000 00947nam a2200265Ia 4500
003 OSt
005 20220926010007.0
006 a|||||r|||| 00| 0
007 ta
008 220923b |||||||| |||| 00| 0 eng d
020 _a9789382381785
_c850.00
037 _b111140, 18/09/2017, International Book Distrobutors
_cGeneral Book
040 _aRTL
_cRTL
_beng
041 _2eng
_aeng
082 _aY31:7:7.2, Q6
100 _aOKABE Jun-Ichi
_9311599
245 0 _aNew statistical domain in india
_b An enquiry into village panchayat databases
260 _a New Delhi
_bTulika Books
_c2016
300 _axviii,382p
_ccm.
490 _aWiley Series in Probability and Statistics
500 _aBibliography chapterwise
700 _a BAKSHI Aparajita
_9311600
942 _hY31:7:7.2, Q6
_cGB
_2CC
999 _c616037
_d616037